000 00717nam a22002657a 4500
001 BR6001774
003 BR-BrBNA
005 20230928083105.0
007 ta
008 230509b bl.||||| |||| 00| 0 por d
040 _aBR-BrBNA
_bpor
_cBiblioteca Nacional de Agricultura
041 _a(Por)
072 _aF04; F01
_b0230
090 _ 0230 BR6001774
100 1 _aPestana, A.C.
110 1 _aEstacao Geral de Experimentacao de Campos, RJ (Brasil)
_94445
245 1 _aEnsaios de adubacao da canna de assucar
260 3 _aCampos, RJ (Brasil):
_c1923.
300 _a17 p.
500 _a4 tables
650 _aCANA DE ACUCAR
650 _aADUBACAO
909 _a202309
_bLucia
_c55
_dLucia Elande
942 _cBK
999 _c11510
_d11510